[Event "ChampionshipRT"]
[Site "?"]
[Date "2015.10.08"]
[Round "7.1"]
[White "Yandemirov, Valeri"]
[Black "Nizamov, Ildar"]
[Result "1/2-1/2"]
[LiveChessVersion "1.4.6"]
[BlackElo "2286"]
[WhiteElo "2376"]

1. e4 {[%clk 1:30:56]} c5 {[%clk 1:30:12]} 2. Nf3 {[%clk 1:30:50]} d6
{[%clk 1:28:37]} 3. d4 {[%clk 1:27:09]} cxd4 {[%clk 1:29:03]} 4. Qxd4
{[%clk 1:27:25]} e5 {[%clk 1:25:11]} 5. Bb5+ {[%clk 1:27:10]} Nd7
{[%clk 1:25:34]} 6. Qd3 {[%clk 1:24:01]} h6 {[%clk 0:50:03]} 7. Nc3
{[%clk 1:16:13]} a6 {[%clk 0:43:52]} 8. Bxd7+ {[%clk 1:16:31]} Bxd7
{[%clk 0:44:16]} 9. Nd2 {[%clk 1:13:54]} Be6 {[%clk 0:40:19]} 10. Nc4
{[%clk 1:11:03]} Rc8 {[%clk 0:38:38]} 11. Ne3 {[%clk 1:10:54]} Nf6
{[%clk 0:38:59]} 12. O-O {[%clk 1:06:39]} Be7 {[%clk 0:38:21]} 13. Ncd5
{[%clk 1:03:27]} Nxd5 {[%clk 0:37:23]} 14. Nxd5 {[%clk 1:02:27]} O-O
{[%clk 0:32:53]} 15. Be3 {[%clk 0:40:54]} Bxd5 {[%clk 0:18:08]} 16. Qxd5
{[%clk 0:38:00]} Rc6 {[%clk 0:14:21]} 17. c4 {[%clk 0:33:00]} Bg5
{[%clk 0:14:42]} 18. Bxg5 {[%clk 0:31:49]} Qxg5 {[%clk 0:14:10]} 19. b3
{[%clk 0:30:14]} Qe7 {[%clk 0:13:57]} 20. Rfd1 {[%clk 0:28:09]} Qc7
{[%clk 0:12:59]} 21. Qd2 {[%clk 0:13:45]} Re8 {[%clk 0:10:37]} 22. Qb4
{[%clk 0:12:43]} Rb8 {[%clk 0:09:33]} 23. a4 {[%clk 0:10:04]} Re8
{[%clk 0:09:15]} 24. Rd5 {[%clk 0:10:19]} Re6 {[%clk 0:09:27]} 25. Rad1
{[%clk 0:10:29]} Rf6 {[%clk 0:08:58]} 26. Qe1 {[%clk 0:08:13]} Qb6
{[%clk 0:08:39]} 27. R1d3 {[%clk 0:08:31]} Qc7 {[%clk 0:09:07]} 28. h3
{[%clk 0:08:47]} Rg6 {[%clk 0:07:57]} 29. Qd2 Kh7 {[%clk 0:07:47]} 30. Qa5
{[%clk 0:08:02]} Qe7 {[%clk 0:06:39]} 31. Qd2 {[%clk 0:08:14]} Qc7
{[%clk 0:07:07]} 32. Rf3 {[%clk 0:08:22]} Kg8 {[%clk 0:07:23]} 33. Kh2
{[%clk 0:08:02]} Qe7 {[%clk 0:07:25]} 34. Kg1 {[%clk 0:07:58]} Qc7
{[%clk 0:07:52]} 35. Rfd3 {[%clk 0:06:55]} 1/2-1/2

[Event "ChampionshipRT"]
[Site "?"]
[Date "2015.10.08"]
[Round "7.2"]
[White "Samusenko, Maksim"]
[Black "Faizrakhmanov, Ramil"]
[Result "0-1"]
[LiveChessVersion "1.4.6"]
[BlackElo "2389"]
[WhiteElo "2334"]

1. d4 {[%clk 1:30:50]} Nf6 {[%clk 1:30:41]} 2. Bf4 {[%clk 1:31:09]} e6
{[%clk 1:30:52]} 3. e3 {[%clk 1:31:20]} c5 {[%clk 1:29:49]} 4. c3
{[%clk 1:31:12]} b6 {[%clk 1:29:20]} 5. Nf3 {[%clk 1:31:11]} Bb7 {[%clk 1:28:56]}
6. Nbd2 {[%clk 1:31:18]} Be7 {[%clk 1:28:24]} 7. Bd3 {[%clk 1:31:25]} Nh5
{[%clk 1:25:23]} 8. Bxb8 {[%clk 1:21:36]} Rxb8 {[%clk 1:25:19]} 9. Qe2
{[%clk 1:20:34]} O-O {[%clk 1:23:07]} 10. O-O {[%clk 1:15:53]} g6
{[%clk 1:19:55]} 11. Rad1 {[%clk 1:09:39]} Qc7 {[%clk 1:12:56]} 12. Rfe1
{[%clk 1:07:37]} Rfd8 {[%clk 1:07:55]} 13. Ne4 {[%clk 0:56:16]} c4
{[%clk 1:00:37]} 14. Bc2 {[%clk 0:53:22]} Bxe4 {[%clk 0:57:26]} 15. Bxe4
{[%clk 0:53:47]} d5 {[%clk 0:57:37]} 16. Bb1 {[%clk 0:37:12]} b5 {[%clk 0:57:38]}
17. e4 {[%clk 0:36:11]} b4 {[%clk 0:57:04]} 18. Ne5 {[%clk 0:28:20]} Bf6
{[%clk 0:50:12]} 19. exd5 {[%clk 0:23:48]} Nf4 {[%clk 0:49:17]} 20. Qf3
{[%clk 0:23:09]} Bxe5 {[%clk 0:45:47]} 21. dxe5 {[%clk 0:20:40]} Nxd5
{[%clk 0:46:06]} 22. Be4 {[%clk 0:20:49]} bxc3 {[%clk 0:45:53]} 23. bxc3
{[%clk 0:21:03]} Nb6 {[%clk 0:42:30]} 24. Bc2 {[%clk 0:13:05]} Rxd1
{[%clk 0:40:47]} 25. Qxd1 {[%clk 0:09:53]} Rd8 {[%clk 0:40:56]} 26. Qc1 Nd5 27.
h4 {[%clk 0:06:55]} Nxc3 {[%clk 0:17:55]} 28. Bxg6 {[%clk 0:06:17]} hxg6
{[%clk 0:18:18]} 29. Qxc3 {[%clk 0:06:44]} Rd3 {[%clk 0:17:47]} 30. Qc2
{[%clk 0:06:28]} Rd4 {[%clk 0:17:19]} 31. g3 {[%clk 0:04:55]} Qc5 32. h5 gxh5
{[%clk 0:16:53]} 33. Qc1 {[%clk 0:03:13]} Rg4 {[%clk 0:17:02]} 34. Re3
{[%clk 0:02:51]} h4 {[%clk 0:14:05]} 35. Kg2 {[%clk 0:01:07]} hxg3
{[%clk 0:13:14]} 36. f3 {[%clk 0:01:34]} Qd5 {[%clk 0:10:10]} 37. Re1
{[%clk 0:01:12]} Rg6 {[%clk 0:09:02]} 38. Qe3 {[%clk 0:01:15]} Kg7
{[%clk 0:07:55]} 39. Re2 {[%clk 0:01:05]} Qd3 {[%clk 0:04:58]} 40. Qxd3
{[%clk 0:01:05]} cxd3 {[%clk 0:05:23]} 41. Rd2 {[%clk 0:01:27]} Rg5
{[%clk 0:05:31]} 42. f4 {[%clk 0:00:44]} Rg4 {[%clk 0:05:55]} 43. Rxd3
{[%clk 0:01:11]} Rxf4 {[%clk 0:06:18]} 44. Rxg3+ {[%clk 0:01:38]} Kf8
{[%clk 0:06:21]} 45. Ra3 {[%clk 0:02:07]} Rf5 {[%clk 0:06:06]} 46. Ra5
{[%clk 0:02:18]} Kg7 {[%clk 0:06:21]} 47. Kg3 {[%clk 0:02:13]} Kg6
{[%clk 0:06:44]} 48. a4 {[%clk 0:02:08]} f6 {[%clk 0:06:34]} 49. Rxa7
{[%clk 0:02:19]} Rxe5 {[%clk 0:06:58]} 50. Kf4 {[%clk 0:02:43]} Re1
{[%clk 0:07:08]} 51. a5 {[%clk 0:02:34]} e5+ {[%clk 0:07:31]} 52. Kf3
{[%clk 0:03:00]} Kf5 {[%clk 0:07:47]} 53. a6 {[%clk 0:03:15]} e4+
{[%clk 0:07:33]} 54. Kf2 {[%clk 0:02:47]} Ra1 {[%clk 0:07:55]} 55. Ke3
{[%clk 0:03:08]} Ra3+ {[%clk 0:07:35]} 56. Kd4 {[%clk 0:03:28]} Kf4
{[%clk 0:06:48]} 57. Re7 {[%clk 0:02:58]} Ra4+ {[%clk 0:06:46]} 58. Kd5
{[%clk 0:03:19]} e3 {[%clk 0:07:06]} 59. a7 {[%clk 0:02:17]} f5 {[%clk 0:07:28]}
60. Kc5 {[%clk 0:00:45]} Kf3 {[%clk 0:07:23]} 0-1

[Event "ChampionshipRT"]
[Site "?"]
[Date "2015.10.08"]
[Round "7.3"]
[White "Makhmutov, Rail"]
[Black "Korovin, Mikhail"]
[Result "1-0"]
[LiveChessVersion "1.4.6"]
[BlackElo "2227"]
[WhiteElo "2461"]

1. d4 {[%clk 1:30:58]} Nf6 {[%clk 1:30:45]} 2. Bg5 {[%clk 1:31:22]} e6
{[%clk 1:30:49]} 3. e4 {[%clk 1:31:22]} h6 {[%clk 1:30:48]} 4. Bxf6
{[%clk 1:31:46]} Qxf6 {[%clk 1:29:36]} 5. Nf3 {[%clk 1:32:10]} d5
{[%clk 1:26:01]} 6. Nbd2 {[%clk 1:31:33]} c5 {[%clk 1:24:03]} 7. Bb5+
{[%clk 1:30:17]} Nc6 {[%clk 1:09:25]} 8. c4 {[%clk 1:30:27]} dxe4
{[%clk 0:45:17]} 9. Nxe4 {[%clk 1:30:08]} Qf5 {[%clk 0:44:28]} 10. Ng3
{[%clk 1:11:13]} Qf4 {[%clk 0:44:39]} 11. Ne5 {[%clk 1:05:20]} Bd7
{[%clk 0:32:53]} 12. Ne2 {[%clk 1:01:53]} Qe4 {[%clk 0:24:43]} 13. Nxd7
{[%clk 1:01:12]} cxd4 {[%clk 0:25:01]} 14. O-O {[%clk 0:52:42]} Kxd7
{[%clk 0:23:56]} 15. Nxd4 {[%clk 0:52:50]} Kc7 {[%clk 0:23:49]} 16. Bxc6
{[%clk 0:52:25]} bxc6 {[%clk 0:24:14]} 17. Re1 {[%clk 0:51:29]} Qh4
{[%clk 0:23:00]} 18. Nf3 {[%clk 0:43:31]} Qf4 {[%clk 0:20:27]} 19. Qa4
{[%clk 0:39:12]} Bd6 {[%clk 0:20:00]} 20. Rad1 {[%clk 0:39:06]} Rhd8
{[%clk 0:19:37]} 21. Rd4 {[%clk 0:31:45]} Qf5 {[%clk 0:17:15]} 22. b4
{[%clk 0:23:08]} Bxh2+ {[%clk 0:14:05]} 23. Kh1 {[%clk 0:20:22]} Rxd4
{[%clk 0:07:36]} 24. Nxd4 {[%clk 0:18:29]} Qxf2 {[%clk 0:07:59]} 25. Qxc6+
{[%clk 0:18:49]} Kb8 {[%clk 0:08:23]} 26. Nf3 {[%clk 0:16:39]} Bc7
{[%clk 0:08:46]} 27. c5 {[%clk 0:16:29]} Qc2 {[%clk 0:04:15]} 28. b5
{[%clk 0:15:57]} Bg3 {[%clk 0:04:41]} 29. Qe8+ {[%clk 0:15:10]} Kc7
{[%clk 0:04:23]} 30. Qxf7+ {[%clk 0:14:21]} Kd8 {[%clk 0:04:30]} 31. Rxe6
{[%clk 0:14:24]} Qd1+ {[%clk 0:03:53]} 32. Ng1 {[%clk 0:13:29]} Qd7
{[%clk 0:04:18]} 33. Qg6 {[%clk 0:12:17]} 1-0

[Event "ChampionshipRT"]
[Site "?"]
[Date "2015.10.08"]
[Round "7.4"]
[White "Sharafiev, Azat"]
[Black "Ospennikov, Dmitry V"]
[Result "1-0"]
[LiveChessVersion "1.4.6"]
[BlackElo "2296"]
[WhiteElo "2419"]

1. e4 {[%clk 1:30:58]} e5 {[%clk 1:26:43]} 2. Nf3 {[%clk 1:30:52]} Nc6
{[%clk 1:27:08]} 3. d4 {[%clk 1:30:58]} exd4 {[%clk 1:27:29]} 4. Nxd4
{[%clk 1:31:18]} Bc5 {[%clk 1:27:11]} 5. Nb3 {[%clk 1:31:43]} Bb6
{[%clk 1:27:05]} 6. Nc3 {[%clk 1:31:24]} d6 {[%clk 1:26:58]} 7. Qe2
{[%clk 1:30:49]} Nge7 {[%clk 1:25:39]} 8. Be3 {[%clk 1:31:02]} Be6
{[%clk 1:25:40]} 9. O-O-O {[%clk 1:31:04]} O-O {[%clk 1:25:36]} 10. h3
{[%clk 1:27:47]} f5 {[%clk 1:22:23]} 11. exf5 {[%clk 1:27:34]} Bxf5
{[%clk 1:22:33]} 12. g4 {[%clk 1:27:39]} Bd7 {[%clk 1:19:50]} 13. f4
{[%clk 1:25:40]} Ng6 {[%clk 1:17:05]} 14. Nd5 {[%clk 1:19:22]} Re8
{[%clk 1:12:07]} 15. Nxb6 {[%clk 1:02:05]} axb6 {[%clk 1:11:59]} 16. f5
{[%clk 1:02:20]} Qe7 {[%clk 1:09:30]} 17. Re1 {[%clk 0:57:47]} Nge5
{[%clk 1:08:16]} 18. a3 {[%clk 0:56:37]} Na5 {[%clk 1:04:43]} 19. Nxa5
{[%clk 0:52:03]} Rxa5 {[%clk 1:03:51]} 20. Bd2 {[%clk 0:51:45]} Ra4
{[%clk 0:58:53]} 21. Kb1 {[%clk 0:46:05]} Qh4 {[%clk 0:49:09]} 22. Bg2
{[%clk 0:40:09]} h6 {[%clk 0:38:18]} 23. Bc3 {[%clk 0:33:20]} Rf4
{[%clk 0:33:04]} 24. Qd2 {[%clk 0:29:00]} Rf2 {[%clk 0:30:22]} 25. Qd5+
{[%clk 0:29:12]} Kh7 {[%clk 0:30:08]} 26. Qxb7 {[%clk 0:25:48]} Rxg2
{[%clk 0:28:24]} 27. Qxg2 {[%clk 0:24:46]} Bc6 {[%clk 0:28:29]} 28. Qf1
{[%clk 0:24:30]} Bxh1 {[%clk 0:27:16]} 29. Qxh1 {[%clk 0:24:57]} Qg3
{[%clk 0:23:58]} 30. Qe4 {[%clk 0:19:39]} Kh8 {[%clk 0:18:33]} 31. Qe3
{[%clk 0:19:50]} Qh4 {[%clk 0:18:19]} 32. Rg1 {[%clk 0:16:27]} Qf6
{[%clk 0:15:52]} 33. Qg3 {[%clk 0:16:25]} Re7 {[%clk 0:15:13]} 34. Re1
{[%clk 0:16:13]} Kh7 {[%clk 0:14:51]} 35. a4 {[%clk 0:16:31]} Kh8
{[%clk 0:13:37]} 36. b3 {[%clk 0:16:28]} Kh7 {[%clk 0:14:01]} 37. Rf1
{[%clk 0:14:43]} Qg5 {[%clk 0:13:50]} 38. h4 {[%clk 0:14:40]} Qf6
{[%clk 0:13:33]} 39. g5 {[%clk 0:15:01]} Qf8 {[%clk 0:13:23]} 40. f6
{[%clk 0:15:01]} hxg5 {[%clk 0:11:46]} 41. hxg5 {[%clk 0:13:40]} Kg8
{[%clk 0:10:26]} 42. Bxe5 {[%clk 0:11:05]} dxe5 {[%clk 0:10:07]} 43. Rh1
{[%clk 0:10:59]} Re8 {[%clk 0:08:56]} 44. Qh4 {[%clk 0:11:08]} Kf7
{[%clk 0:09:02]} 45. Qc4+ {[%clk 0:09:41]} Kg6 {[%clk 0:08:42]} 46. Qe4+
{[%clk 0:10:07]} 1-0

[Event "ChampionshipRT"]
[Site "?"]
[Date "2015.10.08"]
[Round "7.5"]
[White "Glukhov, Alexander"]
[Black "Pavlov, Denis"]
[Result "1-0"]
[LiveChessVersion "1.4.6"]
[BlackElo "2284"]
[WhiteElo "2287"]

1. d4 {[%clk 1:14:22]} Nf6 {[%clk 1:30:50]} 2. c4 {[%clk 1:14:23]} e6
{[%clk 1:31:12]} 3. g3 {[%clk 1:13:56]} d5 {[%clk 1:31:28]} 4. Nf3
{[%clk 1:14:16]} Be7 {[%clk 1:31:53]} 5. Bg2 {[%clk 1:13:56]} O-O
{[%clk 1:32:16]} 6. O-O {[%clk 1:14:07]} dxc4 {[%clk 1:32:23]} 7. Ne5
{[%clk 1:14:20]} Nc6 {[%clk 1:32:33]} 8. Bxc6 {[%clk 1:14:41]} bxc6
{[%clk 1:33:01]} 9. Nxc6 {[%clk 1:15:02]} Qe8 {[%clk 1:33:25]} 10. Nxe7+
{[%clk 1:15:25]} Qxe7 {[%clk 1:33:53]} 11. Qa4 {[%clk 1:15:45]} c5
{[%clk 1:34:03]} 12. Qa3 {[%clk 1:15:52]} Bb7 {[%clk 1:33:03]} 13. Nc3
{[%clk 1:13:58]} e5 {[%clk 1:24:39]} 14. dxe5 {[%clk 0:40:54]} Qxe5
{[%clk 1:23:48]} 15. Bf4 {[%clk 0:36:04]} Qe6 {[%clk 1:06:46]} 16. f3
{[%clk 0:35:23]} Nh5 {[%clk 1:02:06]} 17. Bd2 {[%clk 0:34:13]} Qe5
{[%clk 0:51:51]} 18. Be1 {[%clk 0:32:50]} f5 {[%clk 0:49:49]} 19. Bf2
{[%clk 0:31:56]} Rfc8 {[%clk 0:46:22]} 20. Qa4 {[%clk 0:26:03]} Qe6
{[%clk 0:45:46]} 21. Rad1 {[%clk 0:25:47]} Bc6 {[%clk 0:43:56]} 22. Qa6
{[%clk 0:16:26]} Nf6 {[%clk 0:14:10]} 23. Bxc5 {[%clk 0:16:29]} Qf7
{[%clk 0:08:40]} 24. Bd4 {[%clk 0:10:23]} Nd7 {[%clk 0:08:02]} 25. Rd2
{[%clk 0:08:28]} Nf8 {[%clk 0:07:43]} 26. Rfd1 {[%clk 0:07:29]} f4
{[%clk 0:06:53]} 27. Nb5 {[%clk 0:04:13]} fxg3 {[%clk 0:06:22]} 28. hxg3
{[%clk 0:04:42]} Bb7 {[%clk 0:05:06]} 29. Qa3 {[%clk 0:03:24]} Rc6
{[%clk 0:05:34]} 30. Nd6 {[%clk 0:03:01]} Qg6 {[%clk 0:06:01]} 31. Bf2
{[%clk 0:03:26]} Qh5 {[%clk 0:03:24]} 32. Kg2 {[%clk 0:02:23]} Bc8
{[%clk 0:03:03]} 33. Rh1 {[%clk 0:02:16]} Qg6 {[%clk 0:03:28]} 34. Nxc8
{[%clk 0:02:31]} Rcxc8 {[%clk 0:03:39]} 35. Rd6 {[%clk 0:01:08]} Qf7
{[%clk 0:04:07]} 36. Rhd1 {[%clk 0:01:21]} Re8 {[%clk 0:04:24]} 37. e4
{[%clk 0:01:39]} a5 {[%clk 0:04:21]} 38. Qa4 {[%clk 0:01:15]} Rec8
{[%clk 0:04:08]} 39. Bd4 {[%clk 0:01:00]} Qb7 {[%clk 0:03:22]} 40. Rb6
{[%clk 0:01:02]} Qe7 {[%clk 0:03:37]} 41. Qb5 {[%clk 0:01:21]} Rc7
{[%clk 0:03:40]} 42. Qd5+ {[%clk 0:01:49]} 1-0

[Event "ChampionshipRT"]
[Site "?"]
[Date "2015.10.08"]
[Round "7.6"]
[White "Murtazin, Bulat"]
[Black "Suleimanov, Albert"]
[Result "1-0"]
[LiveChessVersion "1.4.6"]
[BlackElo "2033"]
[WhiteElo "2384"]

1. d4 {[%clk 1:30:30]} Nf6 {[%clk 1:30:57]} 2. c4 {[%clk 1:30:56]} e6
{[%clk 1:31:18]} 3. Nf3 {[%clk 1:31:21]} b6 {[%clk 1:31:36]} 4. a3
{[%clk 1:31:45]} Bb7 {[%clk 1:31:31]} 5. Nc3 {[%clk 1:32:07]} Be7
{[%clk 1:30:22]} 6. d5 {[%clk 1:32:31]} O-O {[%clk 1:28:24]} 7. e4
{[%clk 1:32:55]} d6 {[%clk 1:28:19]} 8. Bd3 {[%clk 1:30:49]} Nbd7
{[%clk 1:25:25]} 9. O-O {[%clk 1:30:46]} exd5 {[%clk 1:24:58]} 10. cxd5
{[%clk 1:17:33]} c6 {[%clk 1:18:45]} 11. dxc6 {[%clk 1:12:24]} Bxc6
{[%clk 1:19:11]} 12. Nd4 {[%clk 1:12:23]} Bb7 {[%clk 1:19:21]} 13. Nf5
{[%clk 1:12:18]} Nc5 {[%clk 1:12:53]} 14. Bc2 {[%clk 1:10:39]} Re8
{[%clk 1:05:01]} 15. Bg5 {[%clk 1:05:26]} Bf8 {[%clk 0:55:49]} 16. Nd5
{[%clk 0:53:21]} Ncxe4 {[%clk 0:54:58]} 17. Bxe4 {[%clk 0:53:34]} Rxe4
{[%clk 0:55:06]} 18. Nh6+ {[%clk 0:49:52]} gxh6 {[%clk 0:52:52]} 19. Nxf6+
{[%clk 0:50:06]} Kh8 {[%clk 0:52:50]} 20. Nxe4 {[%clk 0:50:29]} hxg5
{[%clk 0:52:51]} 21. Re1 {[%clk 0:50:30]} f5 {[%clk 0:48:36]} 22. Ng3
{[%clk 0:50:07]} Qf6 {[%clk 0:35:11]} 23. Rc1 {[%clk 0:37:28]} Qf7
{[%clk 0:29:41]} 24. Qd3 {[%clk 0:30:44]} f4 {[%clk 0:28:16]} 25. Nf5
{[%clk 0:29:35]} Rd8 {[%clk 0:26:29]} 26. Qd4+ {[%clk 0:28:41]} Kg8
{[%clk 0:26:03]} 27. Re7 {[%clk 0:28:42]} Qxf5 {[%clk 0:26:08]} 28. Rxb7
{[%clk 0:29:06]} Re8 {[%clk 0:22:10]} 29. h3 {[%clk 0:28:02]} g4 {[%clk 0:16:35]}
30. hxg4 {[%clk 0:28:02]} Qg5 {[%clk 0:15:53]} 31. Rd1 {[%clk 0:21:47]} Qxg4
{[%clk 0:15:20]} 32. Qd5+ {[%clk 0:14:20]} Kh8 {[%clk 0:10:06]} 33. Qf7
{[%clk 0:13:23]} Qxd1+ {[%clk 0:08:00]} 34. Kh2 {[%clk 0:13:47]} Qd3
{[%clk 0:07:33]} 35. Qxe8 {[%clk 0:14:11]} Qf5 {[%clk 0:07:50]} 36. Rxa7
{[%clk 0:14:13]} Kg8 {[%clk 0:06:57]} 37. Rb7 {[%clk 0:14:19]} f3
{[%clk 0:05:49]} 38. g4 {[%clk 0:07:11]} Qf4+ {[%clk 0:05:00]} 39. Kh3
{[%clk 0:07:31]} Qc4 {[%clk 0:04:46]} 40. Kg3 {[%clk 0:06:45]} Qd5
{[%clk 0:01:20]} 41. Rb8 {[%clk 0:07:07]} 1-0

[Event "ChampionshipRT"]
[Site "?"]
[Date "2015.10.08"]
[Round "7.7"]
[White "Sadykov, Renat"]
[Black "Toropov, Pavel"]
[Result "0-1"]
[LiveChessVersion "1.4.6"]
[BlackElo "2262"]
[WhiteElo "2073"]

1. e4 {[%clk 1:15:25]} e6 {[%clk 1:30:59]} 2. d4 {[%clk 1:15:37]} d5
{[%clk 1:31:27]} 3. Nc3 {[%clk 1:15:57]} dxe4 {[%clk 1:31:54]} 4. Nxe4
{[%clk 1:16:22]} Nd7 {[%clk 1:32:22]} 5. Nf3 {[%clk 1:11:29]} Ngf6
{[%clk 1:32:50]} 6. Bd3 {[%clk 0:56:55]} Nxe4 {[%clk 1:33:17]} 7. Bxe4
{[%clk 0:57:20]} Nf6 {[%clk 1:33:43]} 8. Bd3 {[%clk 0:57:44]} b6 {[%clk 1:33:53]}
9. Ne5 {[%clk 0:51:10]} Bb7 {[%clk 1:34:20]} 10. Bb5+ {[%clk 0:45:30]} c6
{[%clk 1:34:48]} 11. Nxc6 {[%clk 0:41:54]} Qd5 {[%clk 1:35:06]} 12. c4
{[%clk 0:41:50]} Qxg2 {[%clk 1:29:36]} 13. Ne5+ {[%clk 0:38:12]} Kd8
{[%clk 1:30:05]} 14. Rf1 {[%clk 0:30:58]} Bb4+ {[%clk 1:30:22]} 15. Bd2
{[%clk 0:28:17]} Qe4+ {[%clk 1:30:12]} 16. Qe2 {[%clk 0:28:42]} Bxd2+
{[%clk 1:29:24]} 17. Kxd2 {[%clk 0:29:09]} Ke7 {[%clk 1:22:15]} 18. Qxe4
{[%clk 0:26:16]} Nxe4+ {[%clk 1:20:55]} 19. Ke3 {[%clk 0:26:01]} Nd6
{[%clk 1:14:57]} 20. Rfd1 {[%clk 0:15:12]} Rac8 {[%clk 1:13:44]} 21. Rac1
{[%clk 0:11:35]} f6 {[%clk 1:13:39]} 22. Nd7 {[%clk 0:07:04]} Nxb5
{[%clk 1:13:50]} 0-1

[Event "ChampionshipRT"]
[Site "?"]
[Date "2015.10.08"]
[Round "7.8"]
[White "Gilyazitdinov, Nikita"]
[Black "Zlachevskiy, Leonid"]
[Result "1-0"]
[LiveChessVersion "1.4.6"]
[BlackElo "2071"]
[WhiteElo "2015"]

1. Nf3 {[%clk 1:30:30]} d6 {[%clk 1:24:25]} 2. g3 {[%clk 1:30:32]} e5
{[%clk 1:18:54]} 3. d3 {[%clk 1:30:52]} Nf6 {[%clk 1:18:28]} 4. Bg2
{[%clk 1:31:14]} g6 {[%clk 1:11:04]} 5. O-O {[%clk 1:31:35]} Bg7 {[%clk 1:11:33]}
6. c4 {[%clk 1:31:54]} O-O {[%clk 1:11:25]} 7. Nc3 {[%clk 1:31:54]} Nc6
{[%clk 1:11:09]} 8. Nd2 {[%clk 1:30:35]} Ne7 {[%clk 1:00:07]} 9. Qc2
{[%clk 1:30:45]} c6 {[%clk 1:00:02]} 10. b4 {[%clk 1:29:10]} d5 {[%clk 0:58:49]}
11. Bb2 {[%clk 1:27:33]} Bf5 {[%clk 0:56:21]} 12. e4 {[%clk 1:22:56]} dxe4
{[%clk 0:51:50]} 13. dxe4 {[%clk 1:23:13]} Be6 {[%clk 0:51:05]} 14. Ne2
{[%clk 1:22:36]} Qc7 {[%clk 0:49:53]} 15. Nf3 {[%clk 1:19:50]} Ne8
{[%clk 0:44:55]} 16. c5 {[%clk 1:18:30]} f6 {[%clk 0:42:42]} 17. Nd2
{[%clk 1:15:20]} b5 {[%clk 0:38:28]} 18. a4 {[%clk 1:14:18]} a6 {[%clk 0:37:43]}
19. f4 {[%clk 1:09:17]} Rd8 {[%clk 0:34:30]} 20. axb5 {[%clk 1:08:51]} axb5
{[%clk 0:34:03]} 21. Nf3 {[%clk 0:50:54]} Bc4 {[%clk 0:33:04]} 22. fxe5
{[%clk 0:49:27]} fxe5 {[%clk 0:31:42]} 23. Rfd1 {[%clk 0:48:36]} Rxd1+
{[%clk 0:30:04]} 24. Rxd1 {[%clk 0:48:42]} h6 {[%clk 0:29:46]} 25. h4
{[%clk 0:40:49]} Be6 {[%clk 0:29:38]} 26. Qd3 {[%clk 0:39:14]} Bf6
{[%clk 0:28:54]} 27. Qe3 {[%clk 0:36:19]} Kh7 {[%clk 0:28:15]} 28. Nc1
{[%clk 0:33:25]} Bg4 {[%clk 0:26:54]} 29. Nd3 {[%clk 0:28:17]} Ng7
{[%clk 0:21:34]} 30. Bxe5 {[%clk 0:24:39]} Bxe5 {[%clk 0:21:57]} 31. Ndxe5
{[%clk 0:25:05]} Bxf3 {[%clk 0:22:15]} 32. Nxf3 {[%clk 0:25:28]} Nh5
{[%clk 0:21:36]} 33. Nd4 {[%clk 0:18:54]} Qe5 {[%clk 0:20:02]} 34. Ne2
{[%clk 0:18:05]} Nf5 {[%clk 0:17:44]} 35. Qf3 {[%clk 0:16:43]} Nfxg3
{[%clk 0:17:13]} 36. Qxf8 {[%clk 0:08:16]} Nxe2+ {[%clk 0:17:12]} 37. Kf1
{[%clk 0:08:08]} Neg3+ {[%clk 0:12:40]} 38. Kf2 {[%clk 0:08:14]} Qb2+
{[%clk 0:13:01]} 39. Kg1 {[%clk 0:08:13]} Ne2+ {[%clk 0:12:24]} 40. Kh1
{[%clk 0:08:22]} Ng7 {[%clk 0:11:49]} 41. Qf2 {[%clk 0:07:12]} Nh5
{[%clk 0:09:32]} 42. Rd7+ {[%clk 0:07:21]} Ng7 {[%clk 0:09:57]} 43. Bf1
{[%clk 0:06:58]} Qxb4 {[%clk 0:08:39]} 44. Qxe2 {[%clk 0:07:12]} Qxc5
{[%clk 0:08:42]} 45. Qb2 {[%clk 0:06:54]} Qf8 {[%clk 0:08:50]} 46. Kg2
{[%clk 0:07:02]} h5 {[%clk 0:08:39]} 47. Qe5 {[%clk 0:06:49]} Kg8
{[%clk 0:08:30]} 48. Qe7 {[%clk 0:06:56]} Qxe7 {[%clk 0:08:52]} 49. Rxe7
{[%clk 0:07:21]} Kf8 {[%clk 0:08:24]} 50. Rc7 {[%clk 0:07:36]} Ne6
{[%clk 0:08:28]} 51. Rxc6 {[%clk 0:07:57]} 1-0

[Event "ChampionshipRT"]
[Site "?"]
[Date "2015.10.08"]
[Round "7.9"]
[White "Markelova, Lubov"]
[Black "Khazieva, Elza"]
[Result "1/2-1/2"]
[LiveChessVersion "1.4.6"]
[BlackElo "2130"]
[WhiteElo "2090"]

1. Nf3 {[%clk 1:20:47]} c5 {[%clk 1:30:52]} 2. c4 {[%clk 1:21:13]} Nc6
{[%clk 1:31:17]} 3. Nc3 {[%clk 1:21:35]} e5 {[%clk 1:31:41]} 4. g3
{[%clk 1:18:20]} g6 {[%clk 1:31:56]} 5. Bg2 {[%clk 1:18:07]} Bg7 {[%clk 1:32:17]}
6. O-O {[%clk 1:14:32]} Nge7 {[%clk 1:32:29]} 7. Ne1 {[%clk 1:12:21]} O-O
{[%clk 1:32:36]} 8. a3 {[%clk 1:08:15]} d6 {[%clk 1:32:07]} 9. Nc2
{[%clk 0:58:04]} Be6 {[%clk 1:31:17]} 10. Ne3 {[%clk 0:53:38]} Qd7
{[%clk 1:28:25]} 11. Rb1 {[%clk 0:51:04]} Bh3 {[%clk 1:20:11]} 12. Ned5
{[%clk 0:44:09]} Bxg2 {[%clk 1:17:23]} 13. Kxg2 {[%clk 0:44:35]} Nxd5
{[%clk 1:13:29]} 14. Nxd5 {[%clk 0:42:52]} Ne7 {[%clk 1:06:28]} 15. Nxe7+
{[%clk 0:37:03]} Qxe7 {[%clk 1:06:56]} 16. Qc2 {[%clk 0:35:11]} Qe6
{[%clk 0:57:47]} 17. e4 {[%clk 0:21:01]} Rae8 {[%clk 0:46:10]} 18. d3
{[%clk 0:20:26]} f5 {[%clk 0:42:05]} 19. f3 {[%clk 0:19:57]} b6 {[%clk 0:35:17]}
20. b4 {[%clk 0:19:30]} h5 {[%clk 0:33:50]} 21. a4 {[%clk 0:13:40]} f4
{[%clk 0:30:35]} 22. Qe2 {[%clk 0:09:08]} Rf7 {[%clk 0:23:56]} 23. Bd2
{[%clk 0:08:35]} Ref8 {[%clk 0:20:19]} 24. Rf2 {[%clk 0:06:34]} Kh7
{[%clk 0:11:11]} 25. b5 {[%clk 0:06:29]} Bh6 {[%clk 0:08:48]} 26. Rg1
{[%clk 0:03:54]} Qc8 1/2-1/2

[Event "ChampionshipRT"]
[Site "?"]
[Date "2015.10.08"]
[Round "7.10"]
[White "Kuznetsova, Darya"]
[Black "Tukaeva, Adelya"]
[Result "1-0"]
[LiveChessVersion "1.4.6"]
[BlackElo "1797"]
[WhiteElo "1936"]

1. e4 {[%clk 1:30:58]} c5 {[%clk 1:23:18]} 2. Nf3 {[%clk 1:31:21]} e6
{[%clk 1:23:37]} 3. d4 {[%clk 1:31:09]} cxd4 {[%clk 1:23:59]} 4. Nxd4
{[%clk 1:31:37]} a6 {[%clk 1:24:22]} 5. Nc3 {[%clk 1:31:25]} Qc7 {[%clk 1:24:40]}
6. Be2 {[%clk 1:28:51]} Nf6 {[%clk 1:21:23]} 7. O-O {[%clk 1:28:30]} Be7
{[%clk 1:19:59]} 8. Be3 {[%clk 1:27:35]} d6 {[%clk 1:14:51]} 9. f4
{[%clk 1:27:18]} Nbd7 {[%clk 1:08:20]} 10. Qe1 {[%clk 1:12:45]} b5
{[%clk 1:00:59]} 11. a3 {[%clk 1:05:12]} Bb7 {[%clk 0:59:53]} 12. Bf3
{[%clk 1:05:32]} Nc5 {[%clk 0:49:27]} 13. Bf2 {[%clk 0:58:19]} O-O
{[%clk 0:44:57]} 14. Kh1 {[%clk 0:57:01]} d5 {[%clk 0:34:49]} 15. e5
{[%clk 0:55:51]} Nfe4 {[%clk 0:34:30]} 16. Bg1 {[%clk 0:46:41]} Rfc8
{[%clk 0:19:26]} 17. Bg4 {[%clk 0:43:06]} Nxc3 {[%clk 0:17:16]} 18. Qxc3
{[%clk 0:43:06]} Ne4 {[%clk 0:14:37]} 19. Qh3 {[%clk 0:43:00]} Re8
{[%clk 0:12:02]} 20. Rf3 {[%clk 0:35:45]} g6 {[%clk 0:09:34]} 21. Re1
{[%clk 0:33:48]} Bf8 {[%clk 0:08:01]} 22. Bf2 {[%clk 0:30:38]} Nxf2+
{[%clk 0:07:31]} 23. Rxf2 {[%clk 0:31:06]} Qb6 {[%clk 0:06:53]} 24. c3
{[%clk 0:29:03]} a5 {[%clk 0:04:31]} 25. Rf3 {[%clk 0:27:44]} Ra6
{[%clk 0:02:08]} 26. Rg3 {[%clk 0:27:17]} Bc5 {[%clk 0:00:42]} 27. Be2
{[%clk 0:24:59]} Bxd4 {[%clk 0:00:33]} 28. cxd4 {[%clk 0:24:36]} Bc6
{[%clk 0:00:53]} 29. Qh6 {[%clk 0:20:03]} Ra7 {[%clk 0:01:12]} 30. Rh3
{[%clk 0:15:31]} f6 {[%clk 0:01:15]} 31. Bh5 {[%clk 0:15:01]} Rf8
{[%clk 0:00:48]} 32. Bxg6 {[%clk 0:12:03]} hxg6 {[%clk 0:01:08]} 33. exf6
{[%clk 0:11:26]} Ba8 {[%clk 0:00:54]} 34. Qxg6+ {[%clk 0:11:30]} 1-0